Tahrir Square : the heart of the Egyptian revolution /

محفوظ في:

مؤلفون آخرون: Gröndahl, Mia., Mohyeldin, Ayman.

التنسيق: كتاب

اللغة: English

منشور في: Cairo ; New York : The American University in Cairo Press, 2011.

الموضوعات:

الوسوم: إضافة وسم

لا توجد وسوم, كن أول من يضع وسما على هذه التسجيلة!

رقم الطلب: DT107.87 .T24 2011

LEADER 01034namaa2200265 4500
001 19840
003 OSt
005 20220307075911.0
008 130303s2011 ua a g 000 0 eng d
952 |0 0  |1 0  |2 lcc  |4 0  |6 DT010787 T24 02011  |7 1  |9 38142  |a ARCE  |b ARCE  |d 2022-03-07  |l 0  |o DT107.87 .T24 2011  |p 1006130  |r 2022-03-07 00:00:00  |w 2022-03-07  |y BK 
999 |c 19206  |d 19206 
020 |a 9789774165115 
040 |c ARCE Library 
043 |a f-ua--- 
050 4 |a DT107.87 .T24 2011 
245 0 0 |a Tahrir Square :   |b the heart of the Egyptian revolution /   |c photographs by Mia Gröndahl ; foreword by Ayman Mohyeldin. 
264 1 |a Cairo ;   |a New York :   |b The American University in Cairo Press,   |c 2011.  
300 |a 152, [2] pages :   |b chiefly color illustrations ;   |c 20 cm. 
650 0 |a Revolutions  |z Egypt  |y 21st century. 
651 0 |a Egypt  |x History  |y Protests, 2011-2013.  
651 0 |a Egypt  |x Politics and government  |y 21st century. 
700 1 |a Gröndahl, Mia.  |9 31138 
700 1 |a Mohyeldin, Ayman.  |9 36106 
901 |a reviewed 
942 |c BK  |2 lcc